• 首页
  • 本馆介绍
  • 公告通知
  • 最新文献
  • 馆藏检索
  • 电子资源
  • 读者导购
  • 参考咨询
  • 我的图书馆
  • 登录
  • 详细信息显示
  • 放入我的书架
  • 预约/预借图书
  • 作者相关作品
  • 分类相关作品
  • 丛书相关作品
  • 出版社相关作品

书目信息

  • 表格格式
  • 工作单格式
  • 卡片格式
题名:
贵金属合金相图
    
 
作者: 何纯孝 著
分册:  
出版信息: 北京   冶金工业出版社  1983.2
页数: 301页
开本: 26cm
丛书名:
单 册:
中图分类: TG146.3
科图分类:
主题词: 金属材料
电子资源:
ISBN:
000 00533nam0 2200193 45
001 0312221749
005 20040907151157.8
010    @b精装@dCNY2.90
100    @a20031222d1983 km y0chiy0120 ea
101    @achi
105    @a z 000yy
200 1  @a贵金属合金相图@AGui Jin Shu He Jin Xiang Tu@f何纯孝等著@FHe Chun Xiao Deng Zhu
210    @a北京@c冶金工业出版社@d1983.2
215    @a301页@d26cm
606 0  @a金属材料
690    @aTG146.3@v3
701 0  @a何纯孝@4著
801    @aCN@bTSTCL@c20031222
905    @dTG146.3@e11@f1@b161685
    
    贵金属合金相图/何纯孝等著.-北京:冶金工业出版社,1983.2
    301页;26cm
    
    
    ISBN (精装):CNY2.90
    
●
相关链接 在E读中查询图书 在五车中查询图书 在当当中查询图书 在豆瓣中查询图书


正题名:贵金属合金相图     索取号:TG146.3/11         预约/预借

序号 登录号 条形码 馆藏地/架位号 状态 备注
1 0161685   000559666   工具书阅览室/ [索取号:TG146.3/11] 在馆    
2 0161686   000559675   密集书库/ [索取号:TG146.3/11] 在馆    
3 0161687   001362386   第二样本阅览室/ [索取号:TG146.3/11] 在馆    
唐山师范学院图书馆 欢迎您!
大连网信软件有限公司© 版权所有